Sports Quiz

Random Sports or College Quiz

ESPN College GameDay Locations Quiz Stats

 Plays Quiz Updated May 30, 2019

Score 0/70 Timer 08:00
3 Plays Today
School % Correct
Alabama
97%
Florida
96%
Texas
95.2%
Michigan
94.8%
Ohio State
94.7%
USC
93.8%
Florida State
93%
Oklahoma
91.1%
Oregon
90.9%
LSU
89.9%
Georgia
89.4%
Michigan State
88.5%
UCLA
87.2%
Notre Dame
85.8%
Miami
85.2%
Texas A&M
84.2%
Penn
83.8%
Auburn
83.6%
Washington
83.3%
Tennessee
83.1%
North Carolina
81.9%
Oklahoma State
81.6%
South Carolina
81.4%
Arizona
80.6%
Wisconsin
80.3%
Penn State
80.1%
Nebraska
79.7%
Ole Miss
79.5%
Texas Tech
78.8%
Arizona State
77.2%
Washington State
76.9%
Iowa
76.4%
Oregon State
76.3%
Stanford
75.9%
Virginia Tech
75.6%
School % Correct
Clemson
75.5%
Kansas State
74.3%
Arkansas
73.2%
Georgia Tech
72.5%
Kentucky
72%
Colorado
71.7%
Missouri
71.2%
Mississippi State
70.9%
Boise State
69.3%
Utah
68.7%
West Virginia
67.3%
Indiana
67.2%
Baylor
66%
Navy
64.6%
Pittsburgh
63.3%
TCU
63.2%
Boston College
62%
Army
60.2%
Purdue
59.6%
BYU
58.8%
Louisville
58.2%
Harvard
55.9%
Central Florida
55.9%
Northwestern
55.3%
Vanderbilt
53.8%
North Carolina State
53.5%
Air Force
47.4%
Houston
41.6%
North Dakota State
33.6%
Temple
30.5%
Western Michigan
23.9%
James Madison
19.8%
Bowling Green
13%
Williams
7.4%
Florida A&M
4.9%

You're not logged in!

Compare scores with friends on all Sporcle quizzes.
OR
Log In

Show Comments

Extras

Top Quizzes Today


Score Distribution

Your Account Isn't Verified!

In order to create a playlist on Sporcle, you need to verify the email address you used during registration. Go to your Sporcle Settings to finish the process.

Report this User

Report this user for behavior that violates our Community Guidelines.

Details: